000 00493nam a2200169Ia 4500
005 20250728154342.0
008 250728s9999 xx 000 0 und d
020 _a9780521637190
082 _a951.057
_bDUT
100 _aDutton, Michael Robert
245 0 _aStreetlife China
260 _bCambridge University Press
_c1998
300 _a338 pages
500 _aCollection of articles by various Chinese writers about life in contemporary China.
650 _aHistory
942 _cENGLISH
999 _c577727
_d577727